[Event "Bastia simultanée Karpov"]
[Site "?"]
[Date "2009.10.30"]
[Round "?"]
[White "Karpov, Anatoly"]
[Black "Leibenguth, Pablo"]
[Result "1-0"]
[WhiteElo "2612"]
[BlackElo "1390"]
[PlyCount "29"]
[EventDate "2009.10.30"]
[SourceDate "2009.10.30"]

1. e4 e5 2. Nf3 Nc6 3. Bb5 a6 4. Ba4 Nf6 5. O-O Be7 6. Bxc6 dxc6 7. d3 Bg4 8.
h3 Bh5 9. g4 Bg6 10. Nxe5 O-O 11. Nc3 Re8 12. f4 h6 13. Kg2 Bd6 14. Nxg6 fxg6
15. e5 1-0

[Event "Bastia simultanée Karpov"]
[Site "?"]
[Date "2009.10.30"]
[Round "?"]
[White "Karpov, Anatoly"]
[Black "Bellini, Nicolas"]
[Result "1-0"]
[WhiteElo "2612"]
[BlackElo "1622"]
[PlyCount "45"]
[EventDate "2009.10.30"]
[SourceDate "2009.10.30"]

1. Nf3 g6 2. d4 Nf6 3. g3 d6 4. Bg2 Bg7 5. O-O O-O 6. c4 Nbd7 7. Nc3 e5 8. Qc2
Rb8 9. Rd1 exd4 10. Nxd4 Qe7 11. Ndb5 Ne5 12. Bg5 Qd8 13. Nd5 c6 14. Nxf6+ Bxf6
15. Bxf6 Qxf6 16. Nxd6 Rd8 17. c5 Be6 18. b3 Rd7 19. h3 g5 20. Qc3 Kg7 21. Ne4
Rxd1+ 22. Rxd1 Qf5 23. g4 1-0

[Event "Bastia simultanée Karpov"]
[Site "?"]
[Date "2009.10.30"]
[Round "?"]
[White "Karpov, Anatoly"]
[Black "Fersadou, Kevin"]
[Result "1-0"]
[WhiteElo "2612"]
[BlackElo "1545"]
[PlyCount "51"]
[EventDate "2009.10.30"]
[SourceDate "2009.10.30"]

1. c4 e6 2. d4 Nf6 3. Nc3 d5 4. cxd5 Nxd5 5. e4 Nb6 6. Nf3 Bb4 7. Bd3 O-O 8.
O-O Nc6 9. Be3 Bxc3 10. bxc3 Bd7 11. Qc2 g6 12. Bh6 Re8 13. e5 Nd5 14. Rfe1 Qe7
15. a3 b6 16. c4 Ndb4 17. axb4 Nxb4 18. Qd2 Nxd3 19. Qxd3 a5 20. Bg5 Qf8 21.
Qe3 Bc6 22. Qf4 Bxf3 23. Qxf3 a4 24. Qe3 h6 25. Bf6 c5 26. d5 1-0

[Event "Bastia simultanée Karpov"]
[Site "?"]
[Date "2009.10.30"]
[Round "?"]
[White "Karpov, Anatoly"]
[Black "Giacomi, Jean-Antoine"]
[Result "1-0"]
[WhiteElo "2612"]
[BlackElo "1190"]
[PlyCount "45"]
[EventDate "2009.10.30"]
[SourceDate "2009.10.30"]

1. d4 d5 2. c4 dxc4 3. e4 Nf6 4. e5 Bf5 5. exf6 Bxb1 6. Rxb1 gxf6 7. Bxc4 Nc6
8. Ne2 e5 9. Qb3 Qd7 10. dxe5 Na5 11. Qc3 Nxc4 12. Qxc4 fxe5 13. Be3 O-O-O 14.
O-O b6 15. Nc3 Bd6 16. Rfd1 Qe7 17. Rbc1 c5 18. b4 Rhg8 19. Rd5 Qe6 20. bxc5
bxc5 21. Bxc5 Bxc5 22. Qxc5+ Kb8 23. Rb1+ 1-0

[Event "Bastia simultanée Karpov"]
[Site "?"]
[Date "2009.10.30"]
[Round "?"]
[White "Karpov, Anatoly"]
[Black "Simeoni, Emma"]
[Result "1-0"]
[WhiteElo "2612"]
[BlackElo "1010"]
[PlyCount "45"]
[EventDate "2009.10.30"]
[SourceDate "2009.10.30"]

1. e4 e5 2. Nf3 d5 3. Nxe5 Nc6 4. Nxc6 bxc6 5. exd5 cxd5 6. Bb5+ Bd7 7. Qe2+
Be7 8. O-O c6 9. Ba4 Qc7 10. d4 Nf6 11. Nc3 Ng4 12. g3 O-O 13. Qxe7 Rae8 14.
Bf4 Qc8 15. Qc5 Re6 16. f3 Ne3 17. Bxe3 Rxe3 18. Rae1 Rfe8 19. Kf2 Bh3 20. Rxe3
Qe6 21. Rxe6 Rxe6 22. Re1 h5 23. Rxe6 1-0

[Event "Bastia simultanée Karpov"]
[Site "?"]
[Date "2009.10.30"]
[Round "?"]
[White "Karpov, Anatoly"]
[Black "Teychene, Jean-Louis"]
[Result "1-0"]
[WhiteElo "2612"]
[BlackElo "1956"]
[PlyCount "81"]
[EventDate "2009.10.30"]
[SourceDate "2009.10.30"]

1. d4 Nf6 2. c4 e6 3. g3 Bb4+ 4. Bd2 Qe7 5. Bg2 d5 6. a3 Bxd2+ 7. Nxd2 O-O 8.
Ngf3 c5 9. dxc5 Qxc5 10. Rc1 Qe7 11. cxd5 exd5 12. O-O Nc6 13. Nb3 Bg4 14. Re1
Rac8 15. Qd2 Rfd8 16. Qf4 Qe4 17. Nfd4 Qxf4 18. gxf4 Nxd4 19. Nxd4 Rxc1 20.
Rxc1 Rc8 21. Rxc8+ Bxc8 22. Nb5 Bd7 23. Nxa7 Kf8 24. e3 Ke7 25. Bf1 Kd6 26.
Nb5+ Bxb5 27. Bxb5 Kc5 28. Bd3 h6 29. b4+ Kd6 30. Kg2 Nd7 31. Kf3 Nb6 32. Ke2
Nd7 33. h3 Nf8 34. a4 Ne6 35. Kd2 Nd8 36. Kc3 Ne6 37. h4 Nf8 38. Bf5 g6 39. Bc8
b6 40. a5 bxa5 41. bxa5 1-0

[Event "Bastia simultanée Karpov"]
[Site "?"]
[Date "2009.10.30"]
[Round "?"]
[White "Karpov, Anatoly"]
[Black "Clement, Alexandre"]
[Result "1-0"]
[WhiteElo "2612"]
[BlackElo "1809"]
[PlyCount "89"]
[EventDate "2009.10.30"]
[SourceDate "2009.10.30"]

1. c4 c6 2. e4 e6 3. d4 d5 4. cxd5 cxd5 5. e5 Nc6 6. Nf3 Qb6 7. Nc3 Bd7 8. a3
Nge7 9. Na4 Qc7 10. b4 Rc8 11. Bb2 Ng6 12. Rc1 Qd8 13. g3 Be7 14. h4 h6 15. Bd3
O-O 16. O-O a5 17. b5 Na7 18. Qb3 b6 19. Rxc8 Nxc8 20. Qc2 Qe8 21. Nc3 Bd8 22.
a4 Nge7 23. Ba3 Kh8 24. Ne2 Rg8 25. Nf4 Na7 26. Kg2 Nec8 27. Bh7 Be7 28. Bxg8
Kxg8 29. Bc1 Qd8 30. Nh5 g6 31. Nf4 Qf8 32. Qc7 Qd8 33. Qb7 Be8 34. Be3 Qd7 35.
Qb8 Bd8 36. Rc1 Kh7 37. Nh2 Kg7 38. Ng4 h5 39. Nf6 Bxf6 40. exf6+ Kh7 41. Nh3
Kg8 42. Bf4 Qd8 43. Be5 Qd7 44. Rc7 Qd8 45. Rxa7 1-0

[Event "Bastia simultanée Karpov"]
[Site "?"]
[Date "2009.10.30"]
[Round "?"]
[White "Karpov, Anatoly"]
[Black "Leibenguth, Jean"]
[Result "1-0"]
[WhiteElo "2612"]
[BlackElo "1717"]
[PlyCount "79"]
[EventDate "2009.10.30"]
[SourceDate "2009.10.30"]

1. c4 c6 2. d4 d5 3. Nf3 Nf6 4. e3 Bf5 5. Nc3 e6 6. Nh4 Bg4 7. Qb3 Qb6 8. h3
Qxb3 9. axb3 Bh5 10. c5 Be7 11. g4 Bg6 12. b4 Be4 13. f3 g5 14. fxe4 gxh4 15.
e5 Nfd7 16. e4 f6 17. exf6 Bxf6 18. e5 Nxe5 19. dxe5 Bxe5 20. Bg5 Bg3+ 21. Kd1
Nd7 22. Ra3 h6 23. Bd2 e5 24. Ne2 Nf6 25. Bg2 e4 26. Nxg3 hxg3 27. Rxg3 O-O-O
28. Rf1 Nd7 29. Bf4 Rde8 30. h4 Ne5 31. g5 hxg5 32. hxg5 b6 33. g6 Rhg8 34. g7
Nd3 35. Bd6 Nxb2+ 36. Kc2 e3 37. Kxb2 e2 38. Re1 bxc5 39. bxc5 a5 40. Bf3 1-0

[Event "Bastia simultanée Karpov"]
[Site "?"]
[Date "2009.10.30"]
[Round "?"]
[White "Karpov, Anatoly"]
[Black "Vincenti, François-Xavier"]
[Result "1/2-1/2"]
[WhiteElo "2612"]
[BlackElo "1854"]
[PlyCount "79"]
[EventDate "2009.10.30"]
[SourceDate "2009.10.30"]

1. d4 c5 2. d5 Nf6 3. Nc3 d6 4. e4 e6 5. h3 exd5 6. exd5 g6 7. Bf4 a6 8. a4 Bg7
9. Qe2+ Kf8 10. Qd2 h6 11. Bd3 b6 12. Nf3 Bb7 13. Bc4 Qe7+ 14. Kf1 Qc7 15. Re1
Nbd7 16. Qd3 Kg8 17. g4 h5 18. g5 Ne8 19. Qe4 Kh7 20. Kg2 Bxc3 21. bxc3 Rg8 22.
Qd3 Ng7 23. Re7 Rgf8 24. Nh4 Qd8 25. Bxd6 Ne5 26. Rxe5 Qxd6 27. Rhe1 Bc8 28. f4
Bd7 29. R1e2 Rfe8 30. Bxa6 Bxa4 31. Kg3 Bd7 32. Bb5 Bxb5 33. Qxb5 Rxe5 34. Rxe5
Ra3 35. Qb2 c4 36. Kf3 b5 37. Kg2 Qc5 38. Qb4 Qxb4 39. cxb4 Ra2 40. Re2 1/2-1/2

[Event "Bastia simultanée Karpov"]
[Site "?"]
[Date "2009.10.30"]
[Round "?"]
[White "Karpov, Anatoly"]
[Black "Huin, Eric"]
[Result "1-0"]
[WhiteElo "2612"]
[BlackElo "1921"]
[PlyCount "77"]
[EventDate "2009.10.30"]
[SourceDate "2009.10.30"]

1. Nf3 Nf6 2. c4 g6 3. Nc3 Bg7 4. e4 d6 5. d4 O-O 6. h3 e5 7. d5 Nbd7 8. Be3 a5
9. g4 Re8 10. Be2 Nc5 11. Nd2 Nfd7 12. Qc2 Nf8 13. h4 Bd7 14. g5 c6 15. f3 Rc8
16. Qb1 Rb8 17. a3 Na6 18. b4 axb4 19. axb4 c5 20. bxc5 Nxc5 21. Qb4 b6 22. Kd1
Qc7 23. Kc2 Ra8 24. Rhb1 Rxa1 25. Rxa1 Rb8 26. Bf1 Bc8 27. Nd1 Qd8 28. Ra7 Bb7
29. Qa3 Qe7 30. Bh3 Nfd7 31. Nb1 Bf8 32. Nbc3 Qd8 33. Na2 Ra8 34. Nb4 Rxa7 35.
Qxa7 Qa8 36. Qxa8 Bxa8 37. Nc6 Kg7 38. Nc3 Bxc6 39. dxc6 1-0

[Event "Bastia simultanée Karpov"]
[Site "?"]
[Date "2009.10.30"]
[Round "?"]
[White "Karpov, Anatoly"]
[Black "Geronimi, Pierre-Francois"]
[Result "1-0"]
[WhiteElo "2612"]
[BlackElo "1900"]
[PlyCount "73"]
[EventDate "2009.10.30"]
[SourceDate "2009.10.30"]

1. d4 Nf6 2. c4 c5 3. d5 b5 4. cxb5 a6 5. b6 Qxb6 6. Nc3 g6 7. e4 d6 8. Nf3
Nbd7 9. Nd2 Bg7 10. Be2 O-O 11. O-O Bb7 12. a4 Rfe8 13. a5 Qc7 14. Nc4 Rad8 15.
Bf4 Ne5 16. Nxe5 dxe5 17. Bg5 h6 18. Bxf6 Bxf6 19. Bc4 Rd6 20. Qe2 Bg7 21. Qe3
f5 22. Na4 Rc8 23. Nb6 Rf8 24. f3 f4 25. Qe2 g5 26. Bxa6 Bxa6 27. Qxa6 Rg6 28.
Qc4 Qd6 29. Na4 g4 30. Nxc5 gxf3 31. Rxf3 Kh7 32. b4 Rg8 33. Ra2 Qf6 34. a6 Qh4
35. Qf1 Bf6 36. a7 Ra8 37. Ne6 1-0

[Event "Bastia simultanée Karpov"]
[Site "?"]
[Date "2009.10.30"]
[Round "?"]
[White "Karpov, Anatoly"]
[Black "Fraticelli, Eric"]
[Result "1-0"]
[WhiteElo "2612"]
[BlackElo "1499"]
[PlyCount "53"]
[EventDate "2009.10.30"]
[SourceDate "2009.10.30"]

1. d4 d5 2. c4 Nf6 3. cxd5 Nxd5 4. e4 Nf6 5. Nc3 e6 6. Nf3 Bb4 7. Bd3 Nc6 8.
O-O a6 9. h3 Nxd4 10. Nxd4 Qxd4 11. Bb5+ axb5 12. Qxd4 Bxc3 13. Qxc3 O-O 14.
Qxc7 Nxe4 15. Rd1 Nf6 16. Rd8 Bd7 17. Rxd7 Nxd7 18. Qxd7 h6 19. Qxb5 Rab8 20.
Bf4 Rbc8 21. Qxb7 Rc4 22. Be5 Rfc8 23. a4 R8c5 24. a5 Rc8 25. a6 Rc1+ 26. Rxc1
Rxc1+ 27. Kh2 1-0

[Event "Bastia simultanée Karpov"]
[Site "?"]
[Date "2009.10.30"]
[Round "?"]
[White "Karpov, Anatoly"]
[Black "Camblan, Roger"]
[Result "1-0"]
[WhiteElo "2612"]
[BlackElo "1682"]
[PlyCount "59"]
[EventDate "2009.10.30"]
[SourceDate "2009.10.30"]

1. e4 c5 2. Nf3 Nc6 3. Bb5 Nd4 4. Nxd4 cxd4 5. O-O e5 6. d3 Nf6 7. c3 a6 8. Ba4
b5 9. cxd4 d6 10. dxe5 dxe5 11. Bb3 Bg4 12. Qd2 Bc5 13. h3 Bh5 14. Nc3 Bb4 15.
Qg5 O-O 16. Nd5 Be2 17. Nxb4 Bxf1 18. Kxf1 Qd6 19. Nd5 Nxd5 20. Bxd5 Rac8 21.
Be3 Kh8 22. a3 a5 23. Kg1 Rc7 24. f4 f6 25. Qg3 Rfc8 26. Rf1 Rf8 27. Bd2 Qe7
28. fxe5 fxe5 29. Rxf8+ Qxf8 30. Bxa5 1-0

[Event "Bastia simultanée Karpov"]
[Site "?"]
[Date "2009.10.30"]
[Round "?"]
[White "Karpov, Anatoly"]
[Black "Merle, Matéo"]
[Result "1-0"]
[WhiteElo "2612"]
[BlackElo "1099"]
[PlyCount "57"]
[EventDate "2009.10.30"]
[SourceDate "2009.10.30"]

1. e4 e6 2. d4 d5 3. e5 c5 4. c3 c4 5. b3 b5 6. a4 Bd7 7. axb5 Bxb5 8. Na3 Bxa3
9. Bxa3 Ne7 10. bxc4 Ba6 11. Bxe7 Qxe7 12. cxd5 Bxf1 13. d6 Qg5 14. Kxf1 O-O
15. h4 Qf5 16. Qf3 Qxf3 17. Nxf3 Nd7 18. c4 f6 19. c5 Rfc8 20. Ra5 fxe5 21.
Nxe5 Nb6 22. d7 Rc7 23. cxb6 Rc1+ 24. Ke2 Rxh1 25. Rxa7 Rf8 26. b7 h6 27. Ra8
Rb1 28. Rxf8+ Kh7 29. d8=Q 1-0

[Event "Bastia simultanée Anand"]
[Site "?"]
[Date "2009.10.30"]
[Round "?"]
[White "Anand, Vishy"]
[Black "Massoni, Michael"]
[Result "1-0"]
[WhiteElo "2788"]
[BlackElo "2291"]
[PlyCount "59"]
[EventDate "2009.10.30"]
[SourceDate "2009.10.30"]

1. d4 Nf6 2. c4 g6 3. Nc3 d5 4. Nf3 Bg7 5. Bg5 Ne4 6. Bh4 Nxc3 7. bxc3 c5 8. e3
cxd4 9. cxd4 Nc6 10. cxd5 Qxd5 11. Be2 O-O 12. O-O Bf5 13. Qa4 e5 14. dxe5 Nxe5
15. Rad1 Qc6 16. Qb4 a5 17. Qf4 Nxf3+ 18. Bxf3 Qb6 19. Bd5 Rac8 20. e4 Be6 21.
Be7 Rfe8 22. Rb1 Qd4 23. Bxe6 fxe6 24. Rxb7 Rc4 25. Bd6 Qf6 26. Qxf6 Bxf6 27.
e5 Bg7 28. g3 Re4 29. f4 a4 30. Rd1 1-0

[Event "Bastia simultanée Anand"]
[Site "?"]
[Date "2009.10.30"]
[Round "?"]
[White "Anand, Vischy"]
[Black "Guedon, Sosthène"]
[Result "1-0"]
[WhiteElo "2788"]
[BlackElo "1567"]
[PlyCount "47"]
[EventDate "2009.10.30"]
[SourceDate "2009.10.30"]

1. e4 c5 2. Nf3 d6 3. d4 cxd4 4. Nxd4 Nf6 5. Nc3 g6 6. g3 Bg7 7. Bg2 Nc6 8.
Nxc6 bxc6 9. e5 Nd7 10. exd6 Qa5 11. O-O exd6 12. Qxd6 Qb6 13. Re1+ Kd8 14.
Bg5+ f6 15. Qe7+ Kc7 16. Bf4+ Kb7 17. Qxg7 Qd8 18. Nb5 Qf8 19. Nd6+ Kb6 20.
Nxc8+ Qxc8 21. Qe7 Re8 22. Qb4+ Ka6 23. Bf1+ Re2 24. Bxe2# 1-0

[Event "Bastia simultanée Anand"]
[Site "?"]
[Date "2009.10.30"]
[Round "?"]
[White "Anand, Vischy"]
[Black "Guillemart, Marie"]
[Result "1-0"]
[WhiteElo "2788"]
[BlackElo "1230"]
[PlyCount "51"]
[EventDate "2009.10.30"]
[SourceDate "2009.10.30"]

1. d4 d5 2. c4 c6 3. Nc3 Nf6 4. e3 dxc4 5. Bxc4 Be6 6. Bxe6 fxe6 7. Nf3 Nbd7 8.
O-O Qc7 9. e4 O-O-O 10. e5 Ng4 11. h3 Nh6 12. Qb3 Qb6 13. Qxe6 g6 14. a4 a5 15.
g4 g5 16. Bxg5 Ng8 17. Rac1 h6 18. Nd5 Qa6 19. b4 Kb8 20. b5 hxg5 21. bxa6 bxa6
22. Rb1+ Ka7 23. Qxc6 Rb8 24. Qc7+ Ka8 25. Rxb8+ Nxb8 26. Nb6# 1-0

[Event "Bastia simultanée Anand"]
[Site "?"]
[Date "2009.10.30"]
[Round "?"]
[White "Anand, Vischy"]
[Black "Domenech, Vianney"]
[Result "1-0"]
[WhiteElo "2788"]
[BlackElo "2018"]
[PlyCount "55"]
[EventDate "2009.10.30"]
[SourceDate "2009.10.30"]

1. e4 d5 2. exd5 Qxd5 3. Nc3 Qa5 4. d4 Nf6 5. Nf3 Bf5 6. Ne5 c6 7. Nc4 Qc7 8.
Qf3 e6 9. Bf4 Qd8 10. Ne3 Bg6 11. O-O-O Bb4 12. Bc4 Bxc3 13. bxc3 Be4 14. Qg3
Nh5 15. Qg4 Nxf4 16. Qxf4 Bd5 17. Bd3 Bxa2 18. Kb2 e5 19. Qxe5+ Be6 20. Nf5 Nd7
21. Nxg7+ Ke7 22. Nf5+ Ke8 23. Qxh8+ Nf8 24. Ng7+ Kd7 25. Nxe6 fxe6 26. Qg7+
Kc8 27. Rhe1 Qb6+ 28. Kc1 1-0

[Event "Bastia simultanée Anand"]
[Site "?"]
[Date "2009.10.30"]
[Round "?"]
[White "Anand, Vischy"]
[Black "Mattei, Nicolas"]
[Result "1-0"]
[WhiteElo "2788"]
[BlackElo "1440"]
[PlyCount "57"]
[EventDate "2009.10.30"]
[SourceDate "2009.10.30"]

1. Nf3 Nc6 2. e4 e5 3. Bb5 d6 4. O-O Nf6 5. d4 exd4 6. Nxd4 Bd7 7. Re1 Be7 8.
Nc3 O-O 9. Bxc6 Bxc6 10. Bg5 Bd7 11. Qf3 h6 12. Bh4 Be6 13. Nf5 Bxf5 14. Qxf5
Re8 15. Rad1 Qd7 16. Qxd7 Nxd7 17. Bxe7 Rxe7 18. Nd5 Re5 19. f4 Rh5 20. e5 dxe5
21. Ne7+ Kf8 22. Rxd7 Re8 23. Nd5 exf4 24. Rf1 Rhe5 25. Nxf4 Rf5 26. Rxc7 Rb5
27. b3 Rb4 28. c4 g5 29. Nd5 1-0

[Event "Bastia simultanée Anand"]
[Site "?"]
[Date "2009.10.30"]
[Round "?"]
[White "Anand, Vischy"]
[Black "Gerandi, Guillaume"]
[Result "0-1"]
[WhiteElo "2788"]
[BlackElo "1802"]
[PlyCount "101"]
[EventDate "2009.10.30"]
[SourceDate "2009.10.30"]

1. d4 Nf6 2. c4 g6 3. Nc3 Bg7 4. e4 d6 5. Nf3 O-O 6. h3 e5 7. d5 a5 8. Bg5 Qe8
9. g4 Nfd7 10. Rg1 Na6 11. Bd3 Ndc5 12. Bc2 Kh8 13. a3 Bd7 14. Qe2 Rb8 15.
O-O-O b5 16. cxb5 Bxb5 17. Nxb5 Qxb5 18. Qxb5 Rxb5 19. Nd2 Rfb8 20. b3 Nd7 21.
Be3 Nac5 22. Rg3 Rc8 23. Bxc5 Nxc5 24. Nc4 Rcb8 25. Kb2 Bh6 26. g5 Bg7 27. Ka2
f6 28. gxf6 Bxf6 29. Rf3 Kg7 30. a4 R5b6 31. Nxb6 Rxb6 32. Rc3 Bh4 33. Rd2 Rb4
34. Re2 Bg5 35. Rc4 Rb8 36. f3 Na6 37. Kb2 Rf8 38. Rc3 Rf7 39. Bd3 Nb4 40. Bb5
Bd8 41. Kc1 Rf4 42. Kd1 Rh4 43. Bd7 Na6 44. Rec2 Nc5 45. Rxc5 dxc5 46. Rxc5 Rf4
47. Ke2 Rf6 48. Be6 Kf8 49. Rxa5 c6 50. Ra8 Ke7 51. a5 0-1

[Event "Bastia simultanée Anand"]
[Site "?"]
[Date "2009.10.30"]
[Round "?"]
[White "Anand, Vishy"]
[Black "Daif, Sarah"]
[Result "1-0"]
[WhiteElo "2788"]
[BlackElo "1635"]
[PlyCount "45"]
[EventDate "2009.10.30"]
[SourceDate "2009.10.30"]

1. d4 d5 2. c4 c6 3. Nc3 Nf6 4. e3 e6 5. Nf3 Bb4 6. Bd3 Nbd7 7. O-O O-O 8. Qc2
dxc4 9. Bxc4 Qc7 10. a3 Bd6 11. h3 e5 12. Ba2 a6 13. Bd2 exd4 14. exd4 Nb6 15.
Rae1 Be7 16. Ne5 c5 17. dxc5 Bxc5 18. Bg5 Be7 19. Nxf7 Nc4 20. Rxe7 Rxf7 21.
Rxf7 Kxf7 22. Bxf6 Kxf6 23. Nd5+ 1-0

[Event "Bastia simultanée Anand"]
[Site "?"]
[Date "2009.10.30"]
[Round "?"]
[White "Anand, Vishy"]
[Black "Luciani, Thibault"]
[Result "1-0"]
[WhiteElo "2788"]
[BlackElo "1764"]
[PlyCount "91"]
[EventDate "2009.10.30"]
[SourceDate "2009.10.30"]

1. d4 d5 2. c4 c6 3. Nc3 Nf6 4. e3 e6 5. Nf3 Nbd7 6. Qc2 Bd6 7. b3 O-O 8. Bb2
b6 9. Bd3 Bb7 10. O-O Rc8 11. e4 dxe4 12. Nxe4 Nxe4 13. Bxe4 Nf6 14. c5 Nxe4
15. Qxe4 Bb8 16. Rfe1 Qd5 17. Qxd5 cxd5 18. b4 b5 19. a4 Bc6 20. axb5 Bxb5 21.
Nd2 a6 22. Nb1 Bc7 23. Nc3 Ra8 24. Nxb5 axb5 25. g3 g5 26. Kf1 Kg7 27. Ke2 Kg6
28. Reb1 h5 29. Bc1 Kf5 30. h3 g4 31. hxg4+ hxg4 32. Kd3 f6 33. Be3 e5 34. Rh1
e4+ 35. Kc2 Rh8 36. Rxh8 Rxa1 37. Rh7 Bd8 38. Rd7 Ra8 39. Rxd5+ Ke6 40. Rd6+
Ke7 41. d5 Bc7 42. Re6+ Kf7 43. Bd4 Bd8 44. Rxe4 f5 45. Re5 Kg6 46. d6 1-0

[Event "Bastia simultanée Anand"]
[Site "?"]
[Date "2009.10.30"]
[Round "?"]
[White "Anand, Vishy"]
[Black "Tinomano, Johann"]
[Result "1-0"]
[WhiteElo "2788"]
[BlackElo "1628"]
[PlyCount "29"]
[EventDate "2009.10.30"]
[SourceDate "2009.10.30"]

1. e4 c6 2. d4 d5 3. e5 Bf5 4. Nf3 e6 5. Be2 Nd7 6. O-O Qb6 7. c4 dxc4 8. Nbd2
O-O-O 9. Nxc4 Qc7 10. Bf4 Kb8 11. Qb3 Nb6 12. Nd6 Rxd6 13. exd6 Bxd6 14. Ne5
Nh6 15. Qg3 1-0

[Event "Bastia simultanée Anand"]
[Site "?"]
[Date "2009.10.30"]
[Round "?"]
[White "Anand, Vishy"]
[Black "Boukhris-Ferre, Yacine"]
[Result "1-0"]
[WhiteElo "2788"]
[BlackElo "1960"]
[PlyCount "80"]
[EventDate "2009.10.30"]
[SourceDate "2009.10.30"]

1. d4 Nf6 2. c4 g6 3. Nc3 Bg7 4. e4 d6 5. Nf3 O-O 6. h3 e5 7. d5 a5 8. Be3 Na6
9. g4 Nc5 10. Nd2 Bd7 11. Rg1 c6 12. h4 Rc8 13. Be2 cxd5 14. cxd5 a4 15. g5 Ne8
16. h5 b5 17. Nxb5 Qa5 18. Nc3 a3 19. Nc4 Qb4 20. Bxc5 Rxc5 21. Qb3 axb2 22.
Rb1 Qxb3 23. axb3 f5 24. h6 Bh8 25. Rxb2 fxe4 26. b4 e3 27. fxe3 e4 28. Rb3 Rc7
29. Nxe4 Bb5 30. Ned2 Rf5 31. e4 Rf4 32. Rf1 Rxf1+ 33. Bxf1 Bd4 34. Ra3 Rf7 35.
Nf3 Rf4 36. Ncd2 Bxf1 37. Nxd4 Bg2 38. Ne6 Rg4 39. Ra8 Kf7 40. Ra7+ Kg8 1-0

[Event "Bastia simultanée Anand"]
[Site "?"]
[Date "2009.10.30"]
[Round "?"]
[White "Anand, Vishy"]
[Black "Geronimi, Paul Antoine"]
[Result "1-0"]
[WhiteElo "2788"]
[BlackElo "1708"]
[PlyCount "49"]
[EventDate "2009.10.30"]
[SourceDate "2009.10.30"]

1. e4 c5 2. Nf3 e6 3. d4 cxd4 4. Nxd4 a6 5. Bd3 b5 6. O-O Bb7 7. a4 bxa4 8.
Rxa4 Bc5 9. Nc3 Nc6 10. Nb3 Bb6 11. Qg4 g6 12. Qg3 Bc7 13. Bf4 e5 14. Bg5 f6
15. Be3 d6 16. Nd5 Nce7 17. Nxc7+ Qxc7 18. Na5 Bc8 19. Rfa1 Rb8 20. b3 d5 21.
exd5 Nxd5 22. Rc4 Qf7 23. Nc6 Ra8 24. Nxe5 Qe6 25. Nxg6 1-0

[Event "Bastia simultanée Anand"]
[Site "?"]
[Date "2009.10.30"]
[Round "?"]
[White "Anand, Vishy"]
[Black "Canonne, Antoine"]
[Result "1-0"]
[WhiteElo "2788"]
[BlackElo "2027"]
[PlyCount "63"]
[EventDate "2009.10.30"]
[SourceDate "2009.10.30"]

1. d4 Nc6 2. Nf3 d5 3. c4 Bg4 4. cxd5 Bxf3 5. gxf3 Qxd5 6. e3 e5 7. Nc3 Bb4 8.
Bd2 Bxc3 9. bxc3 exd4 10. cxd4 Nf6 11. Bg2 O-O 12. O-O Qh5 13. Rb1 Rab8 14. f4
Qxd1 15. Rfxd1 Nd8 16. e4 c6 17. f5 Re8 18. Re1 b6 19. Bg5 Nd7 20. e5 Rc8 21.
Rbc1 c5 22. Bf4 c4 23. d5 b5 24. e6 fxe6 25. fxe6 Nc5 26. e7 Nf7 27. d6 g5 28.
Bg3 h5 29. h3 Kg7 30. Rcd1 Nd3 31. d7 Nxe1 32. Rxe1 1-0

[Event "Bastia simultanée Anand"]
[Site "?"]
[Date "2009.10.30"]
[Round "?"]
[White "Anand, Vishy"]
[Black "Bove, Terry"]
[Result "1-0"]
[WhiteElo "2788"]
[BlackElo "1486"]
[PlyCount "65"]
[EventDate "2009.10.30"]
[SourceDate "2009.10.30"]

1. e4 e5 2. Nf3 Nc6 3. Bc4 Nf6 4. d3 Bc5 5. O-O O-O 6. c3 d5 7. exd5 Nxd5 8.
Bb3 Bg4 9. h3 Bh5 10. Nbd2 Nf6 11. Qe2 Re8 12. Ne4 Nxe4 13. dxe4 Qf6 14. g4 Bg6
15. Bg5 Qd6 16. Rad1 Qf8 17. Nh4 Kh8 18. Nxg6+ fxg6 19. Rd7 h6 20. Rf7 Qg8 21.
Rxc7 Qh7 22. Be3 Bxe3 23. Qxe3 Re7 24. Rxe7 Nxe7 25. Rd1 Nc6 26. Rd7 g5 27.
Rxb7 Qg6 28. Bd5 Qe8 29. Qc5 Rc8 30. Qd6 Kh7 31. Qf6 Qf8 32. Qxf8 Rxf8 33. Bxc6
1-0

[Event "Bastia simultanée Anand"]
[Site "?"]
[Date "2009.10.30"]
[Round "?"]
[White "Anand, Vishy"]
[Black "Guillemart, Serge"]
[Result "1-0"]
[WhiteElo "2788"]
[BlackElo "1663"]
[PlyCount "63"]
[EventDate "2009.10.30"]
[SourceDate "2009.10.30"]

1. Nf3 Nf6 2. c4 g6 3. Nc3 Bg7 4. e4 d6 5. d4 O-O 6. h3 e5 7. d5 Nbd7 8. Be3
Ne8 9. g4 Nb6 10. Rg1 c6 11. dxc6 bxc6 12. c5 Nd7 13. cxd6 Nef6 14. Qc2 Bb7 15.
O-O-O Qa5 16. Nd2 Rfe8 17. Nb3 Qd8 18. Kb1 a5 19. Na4 Ba6 20. Bxa6 Rxa6 21. g5
Nh5 22. Nac5 Ra7 23. Ne6 Rxe6 24. Bxa7 Bf8 25. Nc5 Nxc5 26. Bxc5 Nf4 27. d7
Bxc5 28. Qxc5 Nxh3 29. Rg3 Nf4 30. Rb3 Kg7 31. Rb8 Qxb8 32. d8=Q 1-0